• 首页
  • 本馆介绍
  • 公告通知
  • 最新文献
  • 馆藏检索
  • 电子资源
  • 读者导购
  • 参考咨询
  • 我的图书馆
  • 登录
  • 详细信息显示
  • 放入我的书架
  • 预约/预借图书
  • 作者相关作品
  • 分类相关作品
  • 丛书相关作品
  • 出版社相关作品

书目信息

  • 表格格式
  • 工作单格式
  • 卡片格式
题名:
合同法实务
    
 
作者: 马艳平 著
分册:  
出版信息: 北京   中国经济出版社  2013
页数: 290页
开本: 24cm
丛书名:
单 册:
中图分类: D923.64
科图分类:
主题词: 合同法--基本知识--中国 , 合同法
电子资源:
ISBN: 978-7-5136-2392-6
000 00808nam0 2200241 450
001 523
005 20140908085159.84
010    @a978-7-5136-2392-6@dCNY49.00
100    @a20130808d2013 em y0chiy50 ea
101 0  @achi
102    @aCN@b110000
105    @ay z 001yy
106    @ar
200 1  @a合同法实务@f马艳平著
210    @a北京@c中国经济出版社@d2013
215    @a290页@d24cm
330    @a本书共分十九章,内容包括:合同和合同法概述、合同的订立、合同的效力、合同的履行、合同的变更和转让、合同的担保、合同权利义务的终止、违约责任、买卖合同、赠与合同、借款合同、运输合同、保管合同和仓储合同、农村土地承包合同等。
606 0  @a合同法@x基本知识@y中国
606 0  @a合同法
690    @aD923.64@v5
701  0 @a马艳平@4著
801  0 @aCN@bTANGWEI@c20140603
905    @b0842363-65@dD923.64@e1209@f3
    
    合同法实务/马艳平著.-北京:中国经济出版社,2013
    290页;24cm
    
    
    ISBN 978-7-5136-2392-6:CNY49.00
    本书共分十九章,内容包括:合同和合同法概述、合同的订立、合同的效力、合同的履行、合同的变更和转让、合同的担保、合同权利义务的终止、违约责任、买卖合同、赠与合同、借款合同、运输合同、保管合同和仓储合同、农村土地承包合同等。
●
相关链接 在E读中查询图书 在五车中查询图书 在当当中查询图书 在豆瓣中查询图书


正题名:合同法实务     索取号:D923.64/1209         预约/预借

序号 登录号 条形码 馆藏地/架位号 状态 备注
1 0842363   208423632   第一样本阅览室/ [索取号:D923.64/1209] 在馆    
2 0842364   208423641   史法系资料室/ [索取号:D923.64/1209] 在馆    
3 0842365   208423650   第一借阅区/ [索取号:D923.64/1209] 在馆    
唐山师范学院图书馆 欢迎您!
大连网信软件有限公司© 版权所有